1954 Act: What use is it in 2003? (Record no. 72087)

MARC details
000 -LEADER
fixed length control field 01136cam a2200229 4500
001 - CONTROL NUMBER
control field ABS66362
008 - FIXED-LENGTH DATA ELEMENTS--GENERAL INFORMATION
fixed length control field 030207n2003 000 0 eng u
035 ## - SYSTEM CONTROL NUMBER
System control number (Sirsi) u121297
100 ## - MAIN ENTRY--PERSONAL NAME
Personal name Hamson, L.
245 ## - TITLE STATEMENT
Title 1954 Act: What use is it in 2003?
260 ## - PUBLICATION, DISTRIBUTION, ETC.
Date of publication, distribution, etc. 2003
490 ## - SERIES STATEMENT
Series statement Property Week
Volume/sequential designation 68(2) 17 January 2003, 30-32(3)
520 ## - SUMMARY, ETC.
Summary, etc. Considers the pros and cons of the Landlord and Tenant Act 1954 and the arguments for its possible repeal. Outlines amendments which are due to come into force in September 2003 which include simplification of the contracting out process, removing time-limits, the extension of maximum lengths from 14 to 15 years, and the introduction of the Regulatory Reform Order 2002 abolishing tenant counteraction in response to s25 notices. Provides a brief history of landlord and tenant law from 1927 to the present day.
590 ## - LOCAL NOTE (RLIN)
Local note ABS
650 ## - SUBJECT ADDED ENTRY--TOPICAL TERM
Topical term or geographic name entry element LANDLORD AND TENANT ACT 1954
650 ## - SUBJECT ADDED ENTRY--TOPICAL TERM
Topical term or geographic name entry element BUSINESS TENANCIES
650 ## - SUBJECT ADDED ENTRY--TOPICAL TERM
Topical term or geographic name entry element SECTION 25 NOTICES
650 ## - SUBJECT ADDED ENTRY--TOPICAL TERM
Topical term or geographic name entry element REGULATORY REFORM ORDER 2002
650 ## - SUBJECT ADDED ENTRY--TOPICAL TERM
Topical term or geographic name entry element TIME LIMITS
690 ## - LOCAL SUBJECT ADDED ENTRY--TOPICAL TERM (OCLC, RLIN)
Topical term or geographic name as entry element LANDLORD AND TENANT-BUSINESS TENANCIES
942 ## - ADDED ENTRY ELEMENTS (KOHA)
Suppress in OPAC 0
Holdings
Withdrawn status Lost status Source of classification or shelving scheme Damaged status Not for loan Home library Current library Shelving location Date acquired Total Checkouts Full call number Barcode Date last seen Copy number Price effective from Koha item type
    Dewey Decimal Classification     London London Journal article 07/02/2003   ABS66362 121297-1001 06/08/2019 1 06/08/2019 Journal article